[Event "Taastrup Weekend EMT Basis 3 2001"]
[Site "Taastrup"]
[Date "2001.09.07"]
[Round "1"]
[White "Aaager, Arvid"]
[Black "Leopold, Claus Ulrich"]
[Result "1/2-1/2"]
[WhiteElo "1442"]
[BlackElo "1206"]
[PlyCount "73"]
[EventDate "2001.09.06"]


1. e4 e5 2. Nf3 Nc6 3. Bb5 d6 4. O-O Bd7 5. c3 Nf6 6. Re1 a6 7. Ba4 Be7 8. d4
b5 9. Bb3 h6 10. a4 O-O 11. Bd2 Bg4 12. d5 Na5 13. Bc2 Qd7 14. Be3 Nc4 15. Ra2
Rfb8 16. b3 Nxe3 17. Rxe3 Bh5 18. Qd3 Bg6 19. Nbd2 c6 20. dxc6 Qxc6 21. h3 Nd7
22. b4 Nb6 23. a5 Nc4 24. Re1 f6 25. Bb3 Bf7 26. Nh4 d5 27. Nf5 Bf8 28. Qg3 Kh8
29. exd5 Bxd5 30. Nf1 Rd8 31. Nh4 Bd6 32. Nf5 Bf8 33. Nh4 Bd6 34. Bc2 e4 35.
Qg6 Ne5 36. Qf5 Nd3 37. Bxd3 1/2-1/2

[Event "Taastrup Weekend EMT Basis 3 2001"]
[Site "Taastrup"]
[Date "2001.09.07"]
[Round "1"]
[White "Jensen, Dan Bronnum"]
[Black "Ghani, Ali"]
[Result "1-0"]
[WhiteElo "1344"]
[BlackElo "1286"]
[PlyCount "95"]
[EventDate "2001.09.06"]


1. e4 c5 2. Nf3 Nc6 3. d4 cxd4 4. Nxd4 e5 5. Nb5 d6 6. Bd3 a6 7. N5c3 Be6 8.
Be3 Be7 9. Nd2 Rc8 10. O-O Nf6 11. Nf3 Nb4 12. Be2 O-O 13. a3 Nc6 14. Ng5 Nd7
15. Nxe6 fxe6 16. Bg4 Rf6 17. Qd2 Qf8 18. Rad1 h6 19. f4 Qf7 20. f5 exf5 21.
Bxf5 Rf8 22. Nd5 b5 23. Nxf6+ Nxf6 24. Bb6 Kh8 25. Bc7 Nd4 26. Bb6 Nxf5 27.
exf5 Qc4 28. Qd3 Qc6 29. Bf2 Nh5 30. g3 Nf6 31. c3 e4 32. Qd4 d5 33. Qb6 Qxb6
34. Bxb6 Rc8 35. h3 Bc5+ 36. Bxc5 Rxc5 37. Rd4 Kg8 38. Kf2 Kf7 39. Ke3 Nd7 40.
Rfd1 Nb6 41. Kf4 Kf6 42. g4 Rc7 43. h4 Re7 44. b3 e3 45. Re1 Nd7 46. g5+ hxg5+
47. hxg5+ Kf7 48. Rxd5 1-0

[Event "Taastrup Weekend EMT Basis 3 2001"]
[Site "Taastrup"]
[Date "2001.09.07"]
[Round "1"]
[White "Kjaergaard, Sissel"]
[Black "Hansen, Alexei"]
[Result "0-1"]
[WhiteElo "1056"]
[BlackElo "1150"]
[PlyCount "86"]
[EventDate "2001.09.06"]


1. d4 g6 2. Bf4 Bg7 3. Nf3 Nf6 4. e3 Nc6 5. Be2 O-O 6. O-O d6 7. Nc3 Bf5 8. a3
Nd7 9. h3 e5 10. Bg5 f6 11. Bh4 exd4 12. Nxd4 Nxd4 13. exd4 Nb6 14. b3 d5 15.
Bg4 Qd7 16. Bxf5 Qxf5 17. Re1 Rae8 18. Re2 Re6 19. Rxe6 Qxe6 20. Bg3 c6 21. Qd2
Re8 22. f3 Qd7 23. Re1 Re6 24. Bf2 f5 25. Rxe6 Qxe6 26. Ne2 Qe7 27. Qd3 Qxa3
28. Qe3 Qf8 29. Qe6+ Qf7 30. Qe3 Kf8 31. Bh4 Qe8 32. Qf2 Qe6 33. Nf4 Qe8 34.
Bg5 h6 35. Be7+ Kxe7 36. Qe3+ Kf7 37. Qf2 g5 38. Nd3 f4 39. h4 Qe3 40. Ne5+
Bxe5 41. dxe5 Qxf2+ 42. Kxf2 gxh4 43. Ke2 Ke6 0-1

[Event "Taastrup Weekend EMT Basis 3 2001"]
[Site "Taastrup"]
[Date "2001.09.07"]
[Round "1"]
[White "Rosenkilde, Alexander"]
[Black "Dogru, Latif"]
[Result "1-0"]
[WhiteElo "1444"]
[BlackElo "1032"]
[PlyCount "39"]
[EventDate "2001.09.06"]


1. e4 c5 2. d4 Nc6 3. Nf3 Nf6 4. d5 Na5 5. Nc3 d6 6. Bb5+ Bd7 7. Bxd7+ Qxd7 8.
O-O g6 9. Re1 Nc4 10. Qe2 Ne5 11. Nxe5 dxe5 12. Be3 e6 13. dxe6 Qxe6 14. Rad1
Bg7 15. Bxc5 Qc6 16. Ba3 a5 17. Rd6 Qc7 18. Nd5 Nxd5 19. Qb5+ Kf8 20. Rd8# 1-0

[Event "Taastrup Weekend EMT Basis 3 2001"]
[Site "Taastrup"]
[Date "2001.09.08"]
[Round "2"]
[White "Dogru, Latif"]
[Black "Leopold, Claus Ulrich"]
[Result "1/2-1/2"]
[WhiteElo "1032"]
[BlackElo "1206"]
[PlyCount "46"]
[EventDate "2001.09.06"]


1. e4 e5 2. Nf3 Nc6 3. d4 exd4 4. Nxd4 Nxd4 5. Qxd4 d6 6. Nc3 Nf6 7. Bg5 Be7 8.
Nd5 Nxd5 9. Bxe7 Qxe7 10. Qxd5 Qe5 11. Bb5+ Ke7 12. Qxe5+ dxe5 13. O-O-O Be6
14. Kb1 Rhd8 15. Be2 c5 16. h3 Rd4 17. Rxd4 cxd4 18. Bg4 g6 19. Be2 Rc8 20. b3
f5 21. f3 Rf8 22. Rf1 fxe4 23. fxe4 Rxf1+ 1/2-1/2

[Event "Taastrup Weekend EMT Basis 3 2001"]
[Site "Taastrup"]
[Date "2001.09.08"]
[Round "2"]
[White "Ghani, Ali"]
[Black "Aaager, Arvid"]
[Result "1-0"]
[WhiteElo "1286"]
[BlackElo "1442"]
[PlyCount "119"]
[EventDate "2001.09.06"]


1. d4 d5 2. c4 e6 3. e3 Nf6 4. Nc3 Be7 5. Nf3 O-O 6. Bd3 c6 7. Qc2 h6 8. O-O b6
9. b3 Nbd7 10. Bb2 Qc7 11. Rac1 Re8 12. Rfe1 e5 13. dxe5 Nxe5 14. Nxe5 Qxe5 15.
Nxd5 Qd6 16. Nxf6+ Bxf6 17. Bxf6 Qxf6 18. Re2 Qg5 19. Be4 Bb7 20. Rd1 Re7 21.
Bf3 Rae8 22. Qd3 h5 23. Qd6 Re6 24. Qg3 Qh6 25. Qh4 Re5 26. Rd7 Qh7 27. Red2
Bc8 28. Rxa7 f6 29. Rd1 c5 30. h3 Be6 31. Rc7 Bf7 32. Rcd7 g5 33. Qg3 Qg6 34.
R7d6 h4 35. Qh2 R5e6 36. Rxe6 Bxe6 37. Qd6 g4 38. Bxg4 Bxg4 39. hxg4 Qxg4 40.
Re1 Re5 41. Qxf6 Rg5 42. Qc6 Rg6 43. Qd5+ Kh7 44. Kf1 Rg7 45. Qf3 Qg6 46. Rd1
Rf7 47. Qh3 Qf6 48. Qf3 Qg6 49. Qd5 Rg7 50. Qd3 Kh6 51. Qxg6+ Rxg6 52. Rd5 Kg7
53. Rh5 Rd6 54. Ke2 Rg6 55. Rxh4 Rxg2 56. Kf3 Rg6 57. Rg4 Rxg4 58. Kxg4 Kf6 59.
f4 Ke6 60. e4 1-0

[Event "Taastrup Weekend EMT Basis 3 2001"]
[Site "Taastrup"]
[Date "2001.09.08"]
[Round "2"]
[White "Jacobsen, Jesper Howalt"]
[Black "Hansen, Alexei"]
[Result "0-1"]
[WhiteElo "1264"]
[BlackElo "1150"]
[PlyCount "58"]
[EventDate "2001.09.06"]


1. e4 c5 2. Nf3 Nc6 3. Nc3 d6 4. d3 Nf6 5. Nd5 g6 6. Be2 Bg7 7. Nxf6+ Bxf6 8.
c3 Bg4 9. Nd2 Bxe2 10. Qxe2 O-O 11. O-O e6 12. f4 Re8 13. Nf3 Bg7 14. Be3 f6
15. g4 Qd7 16. Qg2 f5 17. h3 Rf8 18. Nd2 fxg4 19. hxg4 Kh8 20. Rf3 Rf7 21. Raf1
Raf8 22. Rh3 b6 23. g5 e5 24. Qh2 exf4 25. Rxh7+ Kg8 26. Bxf4 Bd4+ 27. cxd4
Rxh7 28. Qg3 Nxd4 29. Nc4 Ne2+ 0-1

[Event "Taastrup Weekend EMT Basis 3 2001"]
[Site "Taastrup"]
[Date "2001.09.08"]
[Round "2"]
[White "Jensen, Dan Bronnum"]
[Black "Rosenkilde, Alexander"]
[Result "0-1"]
[WhiteElo "1344"]
[BlackElo "1444"]
[PlyCount "132"]
[EventDate "2001.09.06"]


1. e4 c5 2. Nf3 d6 3. c3 Nf6 4. d3 Nc6 5. Be2 e6 6. O-O Be7 7. Bf4 O-O 8. Nbd2
b6 9. Re1 Bb7 10. h3 Re8 11. Bf1 d5 12. exd5 Nxd5 13. Bg3 Bd6 14. Bxd6 Qxd6 15.
Nc4 Qf4 16. Re4 Qc7 17. Qd2 Nce7 18. Rg4 Nf6 19. Rf4 Ng6 20. Rxf6 gxf6 21. Nh2
f5 22. Qg5 Qf4 23. Qf6 Rad8 24. g3 Qc7 25. Qg5 Qc6 26. f3 Qd5 27. Re1 f4 28.
Re5 Qc6 29. gxf4 Rd5 30. h4 b5 31. Na5 Rxe5 32. fxe5 Qc7 33. Nxb7 Qxb7 34. h5
Qe7 35. Qg2 Kh8 36. hxg6 Rg8 37. Kh1 Rxg6 38. Qf2 a6 39. d4 cxd4 40. cxd4 Qb7
41. Bd3 Rg7 42. Be4 Qc7 43. Qc2 Qa5 44. Qc1 Qxa2 45. Ng4 Qa5 46. Nf6 Qd8 47.
Qc5 Rg3 48. Kh2 Rg7 49. Bb7 Rg6 50. Bxa6 Kg7 51. Bxb5 Qa5 52. Ne8+ Kh8 53. Kh3
Qe1 54. Qf8+ Rg8 55. Qxg8+ Kxg8 56. Nf6+ Kg7 57. Be8 Qf1+ 58. Kg3 Qg1+ 59. Kf4
Qh2+ 60. Ke3 Qxb2 61. Nh5+ Kf8 62. Bd7 Qc3+ 63. Ke4 Qe1+ 64. Kd3 Qf1+ 65. Ke3
Qg1+ 66. Kd3 Qg6+ 0-1

[Event "Taastrup Weekend EMT Basis 3 2001"]
[Site "Taastrup"]
[Date "2001.09.08"]
[Round "3"]
[White "Aaager, Arvid"]
[Black "Kjaergaard, Sissel"]
[Result "1-0"]
[WhiteElo "1442"]
[BlackElo "1056"]
[PlyCount "98"]
[EventDate "2001.09.06"]


1. d4 d5 2. Nf3 Bf5 3. g3 Nf6 4. Bg2 e6 5. O-O Be7 6. a3 O-O 7. Nc3 a6 8. Re1
c5 9. e3 Nc6 10. Bd2 h6 11. Na2 c4 12. Rb1 Ne4 13. h3 Nxd2 14. Qxd2 b5 15. Ra1
Qd6 16. g4 Be4 17. Nc3 Bxf3 18. Bxf3 f5 19. Bh1 fxg4 20. hxg4 Bh4 21. Rf1 Rf6
22. f4 Raf8 23. Qh2 g5 24. Ne2 b4 25. a4 b3 26. c3 a5 27. Qg2 Ne7 28. Rab1 Ng6
29. f5 exf5 30. Qxd5+ Qxd5 31. Bxd5+ Kg7 32. Bxc4 fxg4 33. Rxf6 Rxf6 34. Rf1
Rxf1+ 35. Kxf1 Kf6 36. Bxb3 g3 37. Bc2 Ne7 38. e4 Kg6 39. c4 Kh5 40. d5 Kg4 41.
Kg2 h5 42. e5 Nxd5 43. Bd3 Ne3+ 44. Kg1 Kf3 45. Nd4+ Kg4 46. e6 g2 47. e7 Kh3
48. e8=Q g4 49. Qxh5 Nf5 1-0

[Event "Taastrup Weekend EMT Basis 3 2001"]
[Site "Taastrup"]
[Date "2001.09.08"]
[Round "3"]
[White "Hansen, Alexei"]
[Black "Rosenkilde, Alexander"]
[Result "1-0"]
[WhiteElo "1150"]
[BlackElo "1444"]
[PlyCount "91"]
[EventDate "2001.09.06"]


1. e4 c5 2. d4 cxd4 3. c3 dxc3 4. Nxc3 Nc6 5. Nf3 d6 6. Bc4 e6 7. O-O Be7 8.
Qe2 Nf6 9. Rd1 Qc7 10. Nb5 Qb8 11. Bf4 e5 12. Bg5 a6 13. Nc3 O-O 14. Bxf6 Bxf6
15. Nd5 Bg4 16. h3 Bc8 17. Nxf6+ gxf6 18. Qd2 Rd8 19. Qh6 b5 20. Bd5 Qc7 21.
Qxf6 Bb7 22. Rac1 Rac8 23. Ng5 Qe7 24. Qxe7 Nxe7 25. Bxb7 Rb8 26. Bxa6 Rb6 27.
Bxb5 Rxb5 28. Rc7 Ng6 29. Nxf7 Ra8 30. Nxd6 Rxb2 31. Nc4 Rbxa2 32. Rdd7 Rb8 33.
Rxh7 Rb3 34. Rhg7+ Kh8 35. Rxg6 Ra1+ 36. Kh2 Rh1+ 37. Kxh1 Rb1+ 38. Kh2 Rh1+
39. Kg3 Rxh3+ 40. Kg4 Rh4+ 41. Kf5 Rf4+ 42. Ke6 Rf7 43. Kxf7 Kh7 44. Kf6+ Kh8
45. Rh6+ Kg8 46. Rc8# 1-0

[Event "Taastrup Weekend EMT Basis 3 2001"]
[Site "Taastrup"]
[Date "2001.09.08"]
[Round "3"]
[White "Jacobsen, Jesper Howalt"]
[Black "Jensen, Dan Bronnum"]
[Result "1-0"]
[WhiteElo "1264"]
[BlackElo "1344"]
[PlyCount "95"]
[EventDate "2001.09.06"]


1. d4 Nf6 2. Nf3 d5 3. e3 Bg4 4. Be2 e6 5. Ne5 Bf5 6. a3 c5 7. O-O c4 8. b3 b5
9. bxc4 bxc4 10. Bd2 Bd6 11. Bb4 O-O 12. Bxd6 Qxd6 13. Nc3 a6 14. Bf3 Nbd7 15.
Nxd7 Nxd7 16. e4 dxe4 17. Bxe4 Bxe4 18. Nxe4 Qf4 19. Re1 Rab8 20. c3 Rb2 21. g3
Qc7 22. Re2 Rfb8 23. Rxb2 Rxb2 24. Qc1 Qb7 25. Nd2 Rb5 26. a4 Rf5 27. Rb1 Qc6
28. Rb4 Ra5 29. Rxc4 Qa8 30. Qb2 h6 31. Qb4 Qd8 32. Nb3 Rf5 33. Qd6 Rd5 34. Qc7
Qg5 35. Qc8+ Kh7 36. Qxa6 Nf6 37. Rc5 Qg6 38. Qf1 Qc2 39. Rxd5 Nxd5 40. Nc5 g6
41. Qd3 Qc1+ 42. Kg2 Nxc3 43. a5 Nd5 44. a6 Qa1 45. Qb5 Nc7 46. Qb7 Nxa6 47.
Qxf7+ Kh8 48. Nxe6 1-0

[Event "Taastrup Weekend EMT Basis 3 2001"]
[Site "Taastrup"]
[Date "2001.09.08"]
[Round "3"]
[White "Leopold, Claus Ulrich"]
[Black "Ghani, Ali"]
[Result "0-1"]
[WhiteElo "1206"]
[BlackElo "1286"]
[PlyCount "94"]
[EventDate "2001.09.06"]


1. d4 d5 2. c4 c6 3. cxd5 cxd5 4. e3 Nf6 5. Nc3 e6 6. Nf3 Bd7 7. Bd3 Bd6 8. O-O
Nc6 9. a3 Rc8 10. e4 dxe4 11. Nxe4 Ke7 12. Nxd6 Kxd6 13. Re1 Ke7 14. Bf4 Re8
15. Qb3 Qb6 16. Qxb6 axb6 17. Bb5 h6 18. Rad1 Nd5 19. Bg3 Kf8 20. Bd3 Kg8 21.
Bb1 Na5 22. Nd2 Nc4 23. Nxc4 Rxc4 24. b3 Rc3 25. Rd3 Rec8 26. f3 Rc1 27. Rdd1
Rxd1 28. Rxd1 Rc3 29. Ba2 Rc2 30. Bb1 Rb2 31. Rc1 Rxb3 32. Bd6 Bc6 33. Re1 Rb2
34. Be4 Rd2 35. Be5 Nc3 36. Bc7 Bxe4 37. fxe4 Na4 38. d5 exd5 39. exd5 Rxd5 40.
Re8+ Kh7 41. Re7 Kg6 42. Bg3 Rd1+ 43. Kf2 Nc5 44. Ke2 Ra1 45. Re3 Ra2+ 46. Kf3
Ne6 47. Rb3 Nd4+ 0-1

[Event "Taastrup Weekend EMT Basis 3 2001"]
[Site "Taastrup"]
[Date "2001.09.09"]
[Round "4"]
[White "Dogru, Latif"]
[Black "Aaager, Arvid"]
[Result "0-1"]
[WhiteElo "1032"]
[BlackElo "1442"]
[PlyCount "150"]
[EventDate "2001.09.06"]


1. e4 e6 2. d4 d5 3. Nc3 Bb4 4. exd5 exd5 5. Bd2 Nf6 6. Nf3 O-O 7. Be2 Nc6 8.
a3 Ba5 9. O-O Bg4 10. b4 Bb6 11. Be3 Re8 12. Ng5 Bxe2 13. Nxe2 Ng4 14. Bc1 Qf6
15. Nf3 Qd6 16. Bf4 Qg6 17. h3 Nh6 18. Re1 Nf5 19. c3 h6 20. Ra2 Re7 21. a4 a6
22. Ng3 Rae8 23. Rxe7 Rxe7 24. b5 axb5 25. axb5 Na7 26. Ne5 Qh7 27. Qd3 Nxg3
28. Qxg3 Kf8 29. Re2 Qb1+ 30. Kh2 Qxb5 31. Qe3 Re6 32. Ng6+ Rxg6 33. Qe7+ Kg8
34. Qd8+ Kh7 35. Re8 Re6 36. Rh8+ Kg6 37. Bxh6 f6 38. Bxg7 Qc6 39. Rh6+ Kf5 40.
Qh8 Qd6+ 41. g3 Ke4 42. Qh7+ f5 43. Rh4+ Kd3 44. Qxf5+ Kc4 45. Be5 Qe7 46. Rh7
Qe8 47. Bxc7 Bxc7 48. Rxc7+ Rc6 49. Rxb7 Nb5 50. Qb1 Nxc3 51. Qb3+ Kd3 52. Rb5
Qe2 53. Qb2 Nxb5 54. Qxb5+ Rc4 55. Qb3+ Kxd4 56. Qb6+ Kd3 57. Qb3+ Kd4 58. Qb6+
Kc3 59. Qa5+ Kd4 60. Qb6+ Rc5 61. Qb4+ Qc4 62. Qb2+ Qc3 63. Qxc3+ Rxc3 64. h4
Ke5 65. f4+ Kf5 66. Kh3 d4 67. h5 Re3 68. Kh4 Re1 69. g4+ Kxf4 70. Kh3 Rh1+ 71.
Kg2 Rh4 72. Kf2 Rxg4 73. h6 Rh4 74. Ke2 Ke4 75. h7 Rxh7 0-1

[Event "Taastrup Weekend EMT Basis 3 2001"]
[Site "Taastrup"]
[Date "2001.09.09"]
[Round "4"]
[White "Ghani, Ali"]
[Black "Hansen, Alexei"]
[Result "1/2-1/2"]
[WhiteElo "1286"]
[BlackElo "1150"]
[PlyCount "54"]
[EventDate "2001.09.06"]


1. d4 g6 2. c4 Bg7 3. Nc3 Nf6 4. Nf3 O-O 5. Bg5 e6 6. e4 d6 7. Qd2 Nc6 8. Bh6
d5 9. Bxg7 Kxg7 10. cxd5 exd5 11. e5 Ne4 12. Qe3 Nb4 13. Bd3 Nxd3+ 14. Qxd3 Bf5
15. Qb5 Nxc3 16. bxc3 b6 17. O-O Rc8 18. Qc6 Bd3 19. Rfe1 a6 20. Qa4 c5 21. Qd1
Be4 22. Nd2 cxd4 23. Nxe4 dxe4 24. Qxd4 Qxd4 25. cxd4 Rfd8 26. Rxe4 Rc4 27. Rd1
Rc2 1/2-1/2

[Event "Taastrup Weekend EMT Basis 3 2001"]
[Site "Taastrup"]
[Date "2001.09.09"]
[Round "4"]
[White "Kjaergaard, Sissel"]
[Black "Jensen, Dan Bronnum"]
[Result "0-1"]
[WhiteElo "1056"]
[BlackElo "1344"]
[PlyCount "58"]
[EventDate "2001.09.06"]


1. d4 Nf6 2. Bf4 d5 3. Nf3 Bg4 4. e3 e6 5. Be2 Nbd7 6. O-O c5 7. c4 Be7 8. Nc3
a6 9. h3 Bh5 10. b3 O-O 11. Ne5 Bxe2 12. Qxe2 Rc8 13. Qd3 Qa5 14. Rac1 Rfd8 15.
Bg5 dxc4 16. Nxc4 Qc7 17. Bf4 Qc6 18. Na5 Qb6 19. Nc4 Qa7 20. Nd6 Rc6 21. Nc4
b5 22. Na5 Rcc8 23. Qe2 Qb6 24. Nc4 bxc4 25. bxc4 cxd4 26. exd4 Qxd4 27. Na4
Qxf4 28. Rc3 Bb4 29. Rf3 Qxc4 0-1

[Event "Taastrup Weekend EMT Basis 3 2001"]
[Site "Taastrup"]
[Date "2001.09.09"]
[Round "4"]
[White "Rosenkilde, Alexander"]
[Black "Jacobsen, Jesper Howalt"]
[Result "1-0"]
[WhiteElo "1444"]
[BlackElo "1264"]
[PlyCount "91"]
[EventDate "2001.09.06"]


1. e4 d6 2. d4 Nc6 3. Nf3 g6 4. Bc4 e6 5. O-O Bg7 6. Nc3 Nge7 7. Re1 a6 8. Bg5
b5 9. Bb3 Na5 10. Re2 Nxb3 11. axb3 Bb7 12. Qe1 O-O 13. Rd1 f6 14. Bh4 g5 15.
Bg3 h5 16. h3 Qe8 17. d5 e5 18. Nd2 Qg6 19. Na2 f5 20. f3 fxe4 21. fxe4 c6 22.
c4 c5 23. b4 cxb4 24. Nxb4 a5 25. Nd3 bxc4 26. Nxc4 Rfc8 27. Nb6 Ra6 28. Nxc8
Bxc8 29. Rc1 g4 30. Rec2 gxh3 31. Rxc8+ Nxc8 32. Rxc8+ Kh7 33. Qe2 hxg2 34.
Qxg2 Qg4 35. Rc7 Ra8 36. Be1 Kg6 37. Qxg4+ hxg4 38. Rc6 Kg5 39. Rxd6 Bf8 40.
Rc6 a4 41. Rc3 Rb8 42. Kg2 Bb4 43. Nxb4 Rxb4 44. Bd2+ Kh5 45. Rc1 g3 46. Bxb4
1-0

[Event "Taastrup Weekend EMT Basis 3 2001"]
[Site "Taastrup"]
[Date "2001.09.09"]
[Round "5"]
[White "Ghani, Ali"]
[Black "Rosenkilde, Alexander"]
[Result "1-0"]
[WhiteElo "1286"]
[BlackElo "1444"]
[PlyCount "155"]
[EventDate "2001.09.06"]


1. d4 d5 2. c4 e6 3. Nc3 Nf6 4. Bf4 Be7 5. e3 O-O 6. Nf3 Nbd7 7. Ne5 Bd6 8.
Nxd7 Qxd7 9. Bxd6 Qxd6 10. Bd3 dxc4 11. Bxc4 b6 12. O-O Bb7 13. Re1 Rfd8 14.
Rc1 Rac8 15. Nb5 Qc6 16. f3 Qd7 17. Nxa7 Ra8 18. Bb5 Qd5 19. Bc6 Bxc6 20. Nxc6
Re8 21. Nb4 Qd6 22. a3 Nd5 23. Nxd5 exd5 24. Qc2 Re7 25. Qc6 Qxc6 26. Rxc6 Kf8
27. Kf2 Ke8 28. Rec1 Kd8 29. R1c3 f5 30. h3 h5 31. Rg6 Rf7 32. Rg5 Kd7 33. Rxh5
g6 34. Rg5 Rg8 35. h4 Rh7 36. g3 Kd6 37. b4 Rh6 38. Kg2 b5 39. Kf2 Rgh8 40. Ke2
Rg8 41. Kd3 Re8 42. Rc1 Ra8 43. Ra1 Re8 44. h5 Rxh5 45. Rxg6+ Re6 46. Rg8 Kd7
47. Rc1 Rh7 48. Rb8 Rhe7 49. Re1 Ra6 50. Rxb5 Rxa3+ 51. Kc2 Kc6 52. Rc5+ Kd6
53. Rc3 Rxc3+ 54. Kxc3 Kc6 55. Rc1 Kb5 56. Re1 Re8 57. e4 dxe4 58. fxe4 fxe4
59. g4 c6 60. g5 Re6 61. Rg1 Rg6 62. Re1 Re6 63. Rf1 Rg6 64. Rf5+ Kb6 65. d5
cxd5 66. Rf6+ Rxf6 67. gxf6 Kb5 68. f7 e3 69. Kd3 Kxb4 70. f8=Q+ Ka4 71. Kxe3
Ka5 72. Kd4 Kb6 73. Qc5+ Kb7 74. Qxd5+ Kb8 75. Qf7 Kc8 76. Kd5 Kb8 77. Kc6 Ka8
78. Qb7# 1-0

[Event "Taastrup Weekend EMT Basis 3 2001"]
[Site "Taastrup"]
[Date "2001.09.09"]
[Round "5"]
[White "Hansen, Alexei"]
[Black "Aaager, Arvid"]
[Result "1/2-1/2"]
[WhiteElo "1150"]
[BlackElo "1442"]
[PlyCount "36"]
[EventDate "2001.09.06"]


1. e4 e6 2. d4 d5 3. exd5 exd5 4. Nc3 Nf6 5. Nf3 c5 6. Bb5+ Bd7 7. Bxd7+ Nbxd7
8. O-O Be7 9. Re1 O-O 10. Bg5 c4 11. a3 Re8 12. Qd2 a6 13. Re2 Nb6 14. Rae1 Qd7
15. Re3 h6 16. Bf4 Rad8 17. Qe2 Bf8 18. Kf1 Rc8 1/2-1/2

[Event "Taastrup Weekend EMT Basis 3 2001"]
[Site "Taastrup"]
[Date "2001.09.09"]
[Round "5"]
[White "Kjaergaard, Sissel"]
[Black "Dogru, Latif"]
[Result "1-0"]
[WhiteElo "1056"]
[BlackElo "1032"]
[PlyCount "63"]
[EventDate "2001.09.06"]


1. d4 d5 2. Bf4 Nf6 3. Nf3 Bf5 4. e3 Nc6 5. Be2 e6 6. O-O Bd6 7. Bxd6 Qxd6 8.
c4 Be4 9. Nc3 dxc4 10. Bxc4 O-O 11. Nxe4 Nxe4 12. Qd3 Nf6 13. Rfd1 Rad8 14. a3
a6 15. Ne5 b5 16. Nxc6 Qxc6 17. Bb3 e5 18. Rac1 Qb7 19. Qc3 Rc8 20. dxe5 Ne4
21. Qc6 Qxc6 22. Rxc6 Kh8 23. e6 f6 24. e7 Rfe8 25. Be6 Ra8 26. Rxc7 Ng5 27.
Bd5 Rab8 28. Bc6 Rg8 29. Rdd7 Ne6 30. Bd5 Nd8 31. Rxd8 Rgxd8 32. exd8=Q+ 1-0

[Event "Taastrup Weekend EMT Basis 3 2001"]
[Site "Taastrup"]
[Date "2001.09.09"]
[Round "5"]
[White "Leopold, Claus Ulrich"]
[Black "Jacobsen, Jesper Howalt"]
[Result "0-1"]
[WhiteElo "1206"]
[BlackElo "1264"]
[PlyCount "54"]
[EventDate "2001.09.06"]


1. d4 Nf6 2. c4 e6 3. Nc3 c5 4. e3 b6 5. Nf3 Bb7 6. Be2 Be7 7. O-O O-O 8. Re1
cxd4 9. exd4 d5 10. a3 Na6 11. Bf4 Rc8 12. b3 dxc4 13. Bxc4 Nc7 14. Bxc7 Qxc7
15. Nb5 Qb8 16. Ne5 a6 17. Nc3 b5 18. Nxb5 axb5 19. Bxb5 Rc7 20. a4 Qa7 21. Qd3
Rd8 22. Qg3 Rxd4 23. Nxf7 Bd5 24. Qe5 Rg4 25. Nh6+ gxh6 26. h3 Rc2 27. Be2 Re4
0-1